[Event "Zagreb Open GpA"]
[Site "Zagreb CRO"]
[Date "2010.02.26"]
[Round "2"]
[White "Bender,I"]
[Black "Franic,M"]
[Result "1/2-1/2"]
[WhiteElo "2310"]
[BlackElo "2392"]
[EventDate "2010.02.25"]

1. e4 c5 2. Nf3 a6 3. d4 cxd4 4. Nxd4 Nf6 5. Bd3 d6 6. c3 g6 7. O-O Bg7 8.
Nd2 O-O 9. a4 Nc6 10. N2f3 Bd7 11. Re1 Qc7 12. Bg5 h6 13. Bh4 e5 14. Nxc6
Qxc6 15. h3 Be6 16. c4 Nd7 17. Nd2 Nc5 18. Qc2 a5 19. f3 f5 20. b3 Rf7 21.
Nb1 Qb6 22. Bf2 Qxb3 23. Qxb3 Nxb3 24. Ra3 Nc5 25. Bxc5 dxc5 26. Nc3 Bd7
27. Nd5 Re8 28. Bc2 h5 29. Rae3 Bc6 30. R3e2 Kf8 31. g3 Re6 32. Rb1 Bh6 33.
Kg2 Bg5 34. exf5 gxf5 35. f4 Bh6 36. Rxe5 Rxe5 37. fxe5 f4 38. e6 Rg7 39.
Rb3 Bxa4 40. e7+ Rxe7 41. Nxe7 Bxb3 42. Bxb3 Kxe7 43. gxf4 Bxf4 44. Kf3 Bc7
45. Ba4 Kf6 46. Ke4 Kg5 47. Be8 Kh4 48. Kd3 a4 49. Kc2 Be5 50. Bf7 Bd4 51.
Kb1 a3 52. Ka2 Bb2 53. Kb3 Kg5 54. Bd5 b6 55. Bf7 h4 56. Be8 Bc1 57. Bf7
Kf5 58. Be8 Ke4 59. Bc6+ Kd3 60. Bb5 Kd2 61. Bd7 Bb2 62. Ba4 Kd1 63. Ka2+
Kc1 64. Bd7 Kc2 65. Ba4+ Kc3 66. Bb5 Kb4 67. Ba6 Bc1 68. Bb5 Ka5 69. Kb3
Bb2 70. Ka2 Kb4 71. Ba6 Kc3 72. Bb5 Bc1 73. Ba6 Kd4 74. Bb5 Ke4 75. Bc6+
Kf4 76. Bd7 Kg3 77. Be6 Kg2 78. Kb3 Kh2 79. Ka2 Kg3 80. Kb3 1/2-1/2

[Event "Zagreb Open GpA"]
[Site "Zagreb CRO"]
[Date "2010.02.27"]
[Round "3"]
[White "Kozul,Z"]
[Black "Brkic,A"]
[Result "0-1"]
[WhiteElo "2617"]
[BlackElo "2564"]
[EventDate "2010.02.25"]

1. d4 Nf6 2. c4 g6 3. Nc3 d5 4. cxd5 Nxd5 5. e4 Nxc3 6. bxc3 Bg7 7. Nf3 c5
8. Rb1 O-O 9. Be2 cxd4 10. cxd4 Qa5+ 11. Bd2 Qxa2 12. O-O Bg4 13. Bg5 h6
14. Be3 Nc6 15. d5 Bxf3 16. Bxf3 Ne5 17. Rxb7 a5 18. Bd4 e6 19. Rb2 Qc4 20.
Bxe5 Bxe5 21. Rc2 Qb3 22. Be2 exd5 23. exd5 a4 24. d6 Rfc8 25. Rxc8+ Rxc8
26. d7 Rd8 27. Qc1 a3 28. Bc4 Qa4 29. Ba2 Rxd7 30. Qxh6 Qc2 31. Qh3 Rd3 32.
Bb1 Rxh3 33. Bxc2 Rh4 34. g3 Rb4 35. Bb1 Rxb1 36. Rxb1 a2 37. Rd1 a1=Q 38.
Rxa1 Bxa1 39. f4 Kg7 40. Kg2 Bd4 41. Kf3 Kf6 42. h4 Bc3 0-1

[Event "Zagreb Open GpA"]
[Site "Zagreb CRO"]
[Date "2010.02.27"]
[Round "3"]
[White "Chatalbashev,B"]
[Black "Radulski,J"]
[Result "1/2-1/2"]
[WhiteElo "2561"]
[BlackElo "2577"]
[EventDate "2010.02.25"]

1. d4 d5 2. c4 e6 3. Nc3 Be7 4. Nf3 Nf6 5. Bg5 Nbd7 6. e3 h6 7. Bh4 O-O 8.
Qc2 c5 9. cxd5 cxd4 10. Nxd4 Nxd5 11. Bxe7 Nxe7 12. Be2 Nf6 13. O-O Bd7 14.
Rfd1 Qa5 15. Ne4 Nxe4 16. Qxe4 Nd5 17. Qe5 1/2-1/2

[Event "Zagreb Open GpA"]
[Site "Zagreb CRO"]
[Date "2010.02.27"]
[Round "3"]
[White "Gleizerov,E"]
[Black "Saric,A"]
[Result "1/2-1/2"]
[WhiteElo "2565"]
[BlackElo "2480"]
[EventDate "2010.02.25"]

1. d4 Nf6 2. c4 e6 3. g3 d5 4. Nf3 dxc4 5. Bg2 c5 6. O-O Nc6 7. dxc5 Qxd1
8. Rxd1 Bxc5 9. Nbd2 c3 10. bxc3 O-O 11. Ne1 Be7 12. Nd3 Bd7 13. Nb3 b6 14.
c4 Rac8 15. c5 Nd5 16. Bb2 Rfd8 17. Bxd5 exd5 18. cxb6 axb6 19. Nf4 Be6 20.
e4 dxe4 21. Nxe6 fxe6 22. Re1 Bf6 23. Rab1 Ra8 24. Rxe4 Kf7 25. Rc4 Ne7 26.
a4 Rd3 27. Bxf6 1/2-1/2

[Event "Zagreb Open GpA"]
[Site "Zagreb CRO"]
[Date "2010.02.27"]
[Round "3"]
[White "Palac,M"]
[Black "Brumen,D"]
[Result "1-0"]
[WhiteElo "2563"]
[BlackElo "2358"]
[EventDate "2010.02.25"]

1. e4 e6 2. d4 d5 3. Nd2 dxe4 4. Nxe4 Nd7 5. Nf3 Ngf6 6. Nxf6+ Nxf6 7. Bd3
c5 8. dxc5 Bxc5 9. Bg5 O-O 10. Qd2 Be7 11. O-O-O Nd5 12. c4 Qc7 13. Bxh7+
Kxh7 14. Qc2+ Kg8 15. cxd5 Qxc2+ 16. Kxc2 f6 17. d6 Bxd6 18. Rxd6 fxg5 19.
Rd2 Rf5 20. h4 g4 21. Ng5 Kf8 22. Re1 Ke7 23. Re4 Bd7 24. Rxg4 Rc8+ 25. Kd1
Rc7 26. f3 a5 27. Ke2 a4 28. a3 Rd5 29. Ne4 Kf8 30. Nc3 Ra5 31. Ke3 Kf7 32.
Rf4+ Ke7 33. Rg4 Kf7 34. Ne4 Rd5 35. Rf4+ Ke7 36. Ng5 Re5+ 37. Kf2 Be8 38.
Rfd4 Rc1 39. Ne4 Bc6 40. Nc3 Ra5 41. Re2 Rh1 42. Rg4 Kf7 43. Ne4 Bd5 44.
Rf4+ Ke7 45. Ng3 Rb1 46. Nf5+ Kf7 47. Ne3+ Kg8 48. Nxd5 exd5 49. Rb4 Rh1
50. Kg3 Ra6 51. Rd2 1-0

[Event "Zagreb Open GpA"]
[Site "Zagreb CRO"]
[Date "2010.02.27"]
[Round "3"]
[White "Rogulj,B"]
[Black "Ulibin,M"]
[Result "0-1"]
[WhiteElo "2431"]
[BlackElo "2548"]
[EventDate "2010.02.25"]

1. e4 c5 2. Nc3 Nc6 3. g3 g6 4. Bg2 Bg7 5. d3 d6 6. f4 e6 7. Nf3 Nge7 8.
O-O O-O 9. Be3 b6 10. d4 Ba6 11. Re1 cxd4 12. Nxd4 Na5 13. a4 Rc8 14. Ncb5
e5 15. fxe5 dxe5 16. Nb3 Qxd1 17. Rexd1 Rxc2 18. Nxa5 bxa5 19. Rac1 Rxc1
20. Rxc1 Rc8 21. Nxa7 Rxc1+ 22. Bxc1 Bd3 23. Bd2 Bc2 24. b4 Bxa4 25. b5 Bf8
26. Bxa5 Nd5 27. Nc8 Bc5+ 28. Kh1 Ne3 29. Bf3 Bxb5 30. Bd8 Kf8 31. Bg5 Nc4
32. Kg2 Ke8 0-1

[Event "Zagreb Open GpA"]
[Site "Zagreb CRO"]
[Date "2010.02.27"]
[Round "3"]
[White "Ivekovic,Z"]
[Black "Stanojoski,Z"]
[Result "0-1"]
[WhiteElo "2283"]
[BlackElo "2499"]
[EventDate "2010.02.25"]

1. e4 c5 2. c3 d5 3. exd5 Qxd5 4. d4 Nc6 5. Nf3 Bg4 6. Be2 e6 7. O-O Nf6 8.
Be3 cxd4 9. cxd4 Be7 10. Nc3 Qd6 11. Rc1 O-O 12. a3 a6 13. Qb3 b5 14. h3
Bh5 15. Rfd1 Rfc8 16. Qa2 b4 17. d5 bxc3 18. dxc6 Nd5 19. bxc3 Qxa3 20.
Qxa3 Bxa3 21. Ra1 Bf8 22. Rxa6 Rxa6 23. Bxa6 Rxc6 24. Bb7 Bxf3 25. gxf3
Nxe3 26. fxe3 Rxc3 27. Kf2 g6 28. Ke2 Kg7 29. Rd3 Rc7 30. Ba6 Ra7 31. Bb5
Ra5 32. Be8 Be7 33. Kf1 Ra2 34. Kg1 Kf8 35. Bb5 Rb2 36. Ba4 Bc5 37. Rc3 Bb6
38. Kh1 Re2 39. e4 Bd4 40. Rc2 Re1+ 41. Kh2 h5 42. Bb5 h4 43. Bd3 Kg7 44.
f4 Re3 45. Rd2 Bc3 46. Rd1 Rf3 47. Kg2 Rxf4 48. Rf1 Rxf1 49. Bxf1 Kf6 50.
Bb5 Ke7 51. Kf3 f5 52. Bc6 Bd2 53. Bb7 Kd6 54. exf5 gxf5 55. Bc8 Bh6 56.
Bb7 e5 57. Ba8 Kc5 58. Bb7 Kd4 59. Ke2 e4 60. Bc8 Ke5 61. Bd7 Bf8 62. Bc8
Bc5 63. Bd7 f4 64. Bg4 Kf6 65. Bh5 Kf5 66. Bg4+ Ke5 0-1

[Event "Zagreb Open GpA"]
[Site "Zagreb CRO"]
[Date "2010.02.27"]
[Round "3"]
[White "Fercec,N"]
[Black "Saric,Ib"]
[Result "1/2-1/2"]
[WhiteElo "2492"]
[BlackElo "2556"]
[EventDate "2010.02.25"]

1. e4 c5 2. Nf3 Nc6 3. d4 cxd4 4. Nxd4 g6 5. Nc3 Bg7 6. Be3 Nf6 7. Bc4 Qa5
8. O-O O-O 9. Nb3 Qc7 10. Bg5 a6 11. Be2 d6 12. f4 b5 13. Bf3 b4 14. Nd5
Nxd5 15. exd5 Na5 16. Nxa5 Qxa5 17. Kh1 Ra7 18. Re1 Bxb2 19. Bxe7 Rxe7 20.
Rxe7 Bxa1 21. Qxa1 Bf5 22. h4 h5 23. Qf6 Qxa2 24. Qxd6 a5 25. Qe5 Qxc2 26.
d6 b3 27. Bd5 b2 28. Bxf7+ Rxf7 29. Re8+ Rf8 30. Rxf8+ Kxf8 31. Qe7+
1/2-1/2

[Event "Zagreb Open GpA"]
[Site "Zagreb CRO"]
[Date "2010.02.27"]
[Round "3"]
[White "Drasko,M"]
[Black "Mrdja,M"]
[Result "1/2-1/2"]
[WhiteElo "2537"]
[BlackElo "2392"]
[EventDate "2010.02.25"]

1. d4 Nf6 2. c4 g6 3. Nf3 Bg7 4. g3 O-O 5. Bg2 d6 6. O-O Nc6 7. Nc3 a6 8.
Bd2 Nd7 9. Bg5 h6 10. Be3 Rb8 11. Qd2 Kh7 12. Rac1 e6 13. Rfd1 Ne7 14. Bf4
b5 15. c5 Nf6 16. Qc2 Bb7 17. b4 Ned5 18. Nxd5 Bxd5 19. Qb2 Qe7 20. Qa3 Ne4
21. Ne1 g5 22. Be3 f5 23. f3 Nf6 24. Nd3 Bc4 25. Bf2 g4 26. Re1 h5 27. Nb2
d5 28. Nd3 Ra8 29. Ne5 Nd7 30. Nc6 Qe8 31. Na5 Bh6 32. Be3 Qg6 33. Bxh6
Qxh6 34. f4 h4 35. Nxc4 bxc4 36. Qe3 h3 37. Bf1 Rfb8 38. Rb1 Qf6 39. Qc3
1/2-1/2

[Event "Zagreb Open GpA"]
[Site "Zagreb CRO"]
[Date "2010.02.27"]
[Round "3"]
[White "Zufic,M"]
[Black "Blagojevic,Dr"]
[Result "1/2-1/2"]
[WhiteElo "2450"]
[BlackElo "2528"]
[EventDate "2010.02.25"]

1. e4 e5 2. Nf3 Nc6 3. Bb5 a6 4. Ba4 Nf6 5. O-O Be7 6. Re1 b5 7. Bb3 d6 8.
c3 O-O 9. h3 Nd7 10. d4 Bf6 11. a4 Bb7 12. d5 Ne7 13. axb5 axb5 14. Rxa8
Qxa8 15. Na3 Ba6 16. Nc2 Nc5 17. Ne3 Ng6 18. Bc2 Bc8 19. Nh2 Rd8 20. Nhg4
Bg5 21. Nf5 Bxc1 22. Qxc1 f6 23. g3 Bxf5 24. exf5 Ne7 25. b4 Nd7 26. Ne3
Nxd5 27. Bb3 c6 28. c4 Nxe3 29. cxb5+ Kh8 30. bxc6 Nxf5 31. Be6 Nd4 32.
Bxd7 Nf3+ 33. Kf1 Nxe1 34. Kxe1 Qa4 35. c7 Qxd7 36. cxd8=Q+ Qxd8 37. Qc6 h6
38. b5 Qa5+ 39. Kf1 Qa4 40. Qc8+ Kh7 41. Qf5+ Kg8 42. Qb1 Kf8 43. b6 Qa6+
44. Ke1 Qb7 45. Qb5 Ke7 46. Kd2 d5 47. Kc3 Kd6 48. Kb4 Qc6 49. Ka5 Qb7
1/2-1/2

[Event "Zagreb Open GpA"]
[Site "Zagreb CRO"]
[Date "2010.02.27"]
[Round "3"]
[White "Cebalo,M"]
[Black "Kovacevic,Bl"]
[Result "0-1"]
[WhiteElo "2500"]
[BlackElo "2447"]
[EventDate "2010.02.25"]

1. c4 c6 2. d4 d5 3. Nf3 Nf6 4. Nc3 a6 5. c5 Nbd7 6. Bf4 Nh5 7. Bd2 Nhf6 8.
Rc1 g6 9. h3 Bg7 10. Bf4 O-O 11. e3 Ne8 12. Be2 Nc7 13. O-O Re8 14. e4 Ne6
15. Be3 Ndxc5 16. exd5 cxd5 17. dxc5 d4 18. Nxd4 Nxd4 19. Bc4 Be6 20. Bxe6
Nxe6 21. Qa4 Qc7 22. Nd5 Qc6 23. Qxc6 bxc6 24. Nb6 Rad8 25. b4 Be5 26. Nc4
Bc7 27. Rc3 f5 28. f3 Nd4 29. Re1 Nb5 30. Rc2 Rd3 31. Kf2 Kf7 32. Bc1 e5
33. Bb2 e4 34. a4 Nd4 35. Bxd4 Rxd4 36. Rb1 Rb8 37. fxe4 Rxe4 38. Rd2 Ke6
39. Re2 Kd5 40. Rxe4 Kxe4 41. a5 Kd3 42. Nb6 Kc3 43. Na4+ Kc4 44. Nb6+ Kb5
45. Re1 Kxb4 46. Rb1+ Kxa5 47. Nc4+ Ka4 48. Nb6+ Ka3 49. Ra1+ Kb4 50. Rxa6
Kb5 51. Ra7 Bxb6 52. cxb6 Rxb6 53. Rxh7 c5 54. Ke3 Rd6 55. g4 fxg4 56. hxg4
c4 57. Rc7 Kb4 58. Rb7+ Ka3 59. Rc7 Kb3 60. Rb7+ Kc2 61. g5 Rd5 62. Kf4 c3
63. Rb6 Kd3 64. Rxg6 c2 65. Rc6 Rd4+ 0-1

[Event "Zagreb Open GpA"]
[Site "Zagreb CRO"]
[Date "2010.02.27"]
[Round "3"]
[White "Zivkovic,Vj"]
[Black "Armanda,I"]
[Result "1/2-1/2"]
[WhiteElo "2396"]
[BlackElo "2345"]
[EventDate "2010.02.25"]

1. e4 c5 2. Nf3 d6 3. d4 cxd4 4. Nxd4 Nf6 5. Nc3 g6 6. Be3 Bg7 7. Qd2 O-O
8. f3 Nc6 9. Bc4 Bd7 10. O-O-O Rb8 11. Bb3 Na5 12. Bh6 Bxh6 13. Qxh6 e5 14.
Nde2 Nxb3+ 15. axb3 Be6 16. Qd2 Ne8 17. Kb1 Qa5 1/2-1/2

[Event "Zagreb Open GpA"]
[Site "Zagreb CRO"]
[Date "2010.02.27"]
[Round "3"]
[White "Klasan,V"]
[Black "Biti,O"]
[Result "1/2-1/2"]
[WhiteElo "2353"]
[BlackElo "2399"]
[EventDate "2010.02.25"]

1. e4 d6 2. d4 Nf6 3. Nc3 g6 4. Nf3 Bg7 5. h3 O-O 6. Be3 d5 7. e5 Ne4 8.
Nxe4 dxe4 9. Ng5 c5 10. c3 Nc6 11. Nxe4 cxd4 12. cxd4 Qa5+ 13. Qd2 Qxd2+
14. Nxd2 Nb4 15. Kd1 Rd8 16. f4 Be6 17. a3 Nc6 18. Nf3 Bd5 19. Nd2 Be6 20.
Nf3 f6 21. Ke1 Bd5 22. Rd1 Rd7 23. Bb5 Rad8 24. Kf2 a6 25. Bxc6 bxc6 26.
Rc1 Rb7 27. Rc2 Be4 28. Re2 a5 29. Rc1 Rdb8 30. Rc5 a4 31. Bc1 Bd5 32. Nd2
fxe5 33. dxe5 e6 34. Ne4 Rb5 35. Rxb5 cxb5 36. Bd2 Rc8 37. Nc3 Bc6 38. Na2
Rd8 39. Nb4 Bb7 40. Be3 Bf8 41. Nc2 Bd5 42. g4 Bc4 43. Rd2 Rxd2+ 44. Bxd2
Bc5+ 45. Be3 Be7 46. Ke1 Kf7 47. Bf2 Ke8 48. Kd2 Bf1 49. h4 h5 50. g5 Bc4
51. Kc3 Kd7 52. Bd4 Kc6 1/2-1/2

[Event "Zagreb Open GpA"]
[Site "Zagreb CRO"]
[Date "2010.02.27"]
[Round "3"]
[White "Franic,M"]
[Black "Jurkovic,A"]
[Result "1-0"]
[WhiteElo "2392"]
[BlackElo "2330"]
[EventDate "2010.02.25"]

1. d4 d6 2. c4 e5 3. Nf3 Nc6 4. d5 Nce7 5. e4 Ng6 6. Nc3 Be7 7. g3 h6 8. h4
Nf6 9. Be2 c5 10. Nd2 Nf8 11. a3 N8d7 12. Nf1 h5 13. b4 a6 14. Be3 Qc7 15.
Nd2 g6 16. O-O Bf8 17. Nb3 b6 18. f4 Bh6 19. Kg2 Qd8 20. Bg1 exf4 21. gxf4
O-O 22. Bh2 Re8 23. Qd3 Bg7 24. Rae1 Bb7 25. Bg3 Rc8 26. Nd2 b5 27. Bf3 Ng4
28. Nd1 Qc7 29. cxb5 c4 30. Qc2 axb5 31. e5 dxe5 32. f5 Nf8 33. Nc3 Qd7 34.
Nde4 Qxf5 35. Nxb5 Red8 36. Nbc3 Bh6 37. Bxg4 1-0

[Event "Zagreb Open GpA"]
[Site "Zagreb CRO"]
[Date "2010.02.27"]
[Round "3"]
[White "Pandurevic,M"]
[Black "Plenkovic,Z"]
[Result "1/2-1/2"]
[WhiteElo "2314"]
[BlackElo "2388"]
[EventDate "2010.02.25"]

1. Nf3 Nf6 2. g3 g6 3. Bg2 Bg7 4. O-O O-O 5. d3 d5 6. c3 a5 7. Na3 a4 8.
Bf4 Nbd7 9. Qc1 c6 10. c4 d4 11. Nc2 Re8 12. Bh6 e5 13. Bxg7 Kxg7 14. b4
Ra7 15. e3 c5 16. bxc5 Nxc5 17. exd4 exd4 18. Ncxd4 Nxd3 19. Qc3 Nc5 20.
Rad1 Qa5 21. Qa1 Ra6 22. h3 h5 23. Nb5 Be6 24. Rfe1 Rd8 25. Rxd8 Qxd8 26.
Rd1 Qe7 27. Qd4 Ncd7 28. Ng5 Qc5 29. Bxb7 Rb6 30. Nxe6+ Rxe6 31. Bd5 Re2
32. Nc3 Re1+ 33. Kg2 Qxd4 34. Rxd4 Nc5 35. Rd1 Re7 36. Bc6 Rc7 37. Rd6 Rc8
38. Kf3 Ne6 39. Ke3 Kf8 40. Bb5 Ke7 41. Ra6 Rc5 42. Ra7+ Kf8 43. f4 h4 44.
Nxa4 Rf5 45. g4 Rxf4 46. Nc5 g5 47. Nxe6+ fxe6 48. a4 e5 49. Rc7 e4 50. Rc5
Rf3+ 51. Ke2 Rxh3 52. Rxg5 Ra3 53. Rf5 Ke7 54. Rf4 h3 55. g5 Nh5 56. Rxe4+
Kd6 57. Rh4 Ng3+ 58. Kf2 Nf5 59. Rh8 Ke5 60. Bd7 Ra2+ 61. Kg1 Rg2+ 62. Kf1
Ng3+ 63. Ke1 h2 64. Bc6 Ra2 65. g6 Kf6 66. Rf8+ Kg7 67. Rf2 Ra1+ 68. Kd2
Rxa4 69. Kc3 h1=Q 70. Bxh1 Nxh1 71. Rg2 Ra8 72. c5 Rf8 73. Kd4 Nf2 74. c6
Rc8 75. Kc5 Nd3+ 76. Kd6 Nb4 77. c7 Na6 78. Ra2 Rxc7 79. Rxa6 1/2-1/2

[Event "Zagreb Open GpA"]
[Site "Zagreb CRO"]
[Date "2010.02.27"]
[Round "3"]
[White "Bukal,V jr"]
[Black "Bender,I"]
[Result "1-0"]
[WhiteElo "2378"]
[BlackElo "2310"]
[EventDate "2010.02.25"]

1. d4 Nf6 2. Nc3 d5 3. Bg5 Nbd7 4. Nf3 c5 5. dxc5 e6 6. e4 Bxc5 7. Bd3 d4
8. Ne2 e5 9. O-O Qb6 10. Rb1 h6 11. Bd2 Qe6 12. b4 Bd6 13. Ng3 Qxa2 14. Nf5
Bf8 15. c3 g6 16. N5xd4 exd4 17. Nxd4 Ne5 18. Ra1 Qb2 19. Qe2 Bxb4 20. Nb5
Bxc3 21. Bxc3 Qxe2 22. Bxe2 Ke7 23. Bxe5 Bd7 24. Nc7 Rac8 25. Rxa7 Bc6 26.
Nd5+ 1-0

[Event "Zagreb Open GpA"]
[Site "Zagreb CRO"]
[Date "2010.02.27"]
[Round "3"]
[White "Maras,M"]
[Black "Loncar,R"]
[Result "0-1"]
[WhiteElo "2256"]
[BlackElo "2424"]
[EventDate "2010.02.25"]

1. d4 Nf6 2. Nf3 d5 3. c4 dxc4 4. e3 Bg4 5. Bxc4 e6 6. Nc3 Nbd7 7. Be2 c6
8. O-O Be7 9. e4 O-O 10. Be3 Bh5 11. Ne5 Bxe2 12. Qxe2 Nxe5 13. dxe5 Nd7
14. Rfd1 Qc7 15. f4 Rfd8 16. a3 b5 17. Rac1 a6 18. Qf2 c5 19. Nd5 exd5 20.
exd5 Nxe5 21. fxe5 Qxe5 22. Bf4 Qh5 23. d6 Rac8 24. Qf3 Qxf3 25. gxf3 Bf6
26. d7 Rc6 27. Rc2 Kf8 28. Rd5 Ke7 29. Re2+ Re6 30. Be3 Rxd7 31. Bxc5+ Ke8
32. Rdd2 Rxd2 33. Rxd2 Bg5 34. Rc2 Kd7 35. Bd4 Be3+ 36. Bxe3 Rxe3 37. Kf2
Rb3 38. h4 a5 39. Kg3 a4 40. Kf4 Kd6 41. Rd2+ Ke6 42. h5 f6 43. Ke4 g5 44.
hxg6 hxg6 45. Kf4 g5+ 46. Kg3 f5 47. Kf2 Ke5 0-1

[Event "Zagreb Open GpA"]
[Site "Zagreb CRO"]
[Date "2010.02.28"]
[Round "4"]
[White "Brkic,A"]
[Black "Radulski,J"]
[Result "1/2-1/2"]
[WhiteElo "2564"]
[BlackElo "2577"]
[EventDate "2010.02.25"]

1. e4 e5 2. Nf3 Nc6 3. Bb5 a6 4. Bxc6 dxc6 5. O-O Be6 6. Qe2 Bd6 7. c3 c5
8. b3 Qd7 9. Rd1 O-O-O 10. Na3 Ne7 11. Nc4 Nc6 12. Bb2 Rhe8 13. Ne3 f6 14.
d4 cxd4 15. cxd4 exd4 16. Nxd4 Nxd4 17. Bxd4 Qb5 18. Qxb5 axb5 19. Rac1 Rd7
20. Bc5 Bf4 21. g3 Bxe3 22. Bxe3 Rxd1+ 23. Rxd1 Bg4 24. Rd4 Bf3 25. Kf1
Bxe4 26. Ke2 Bb1 27. a4 Bc2 28. axb5 Bxb3 29. b6 cxb6 30. Rb4 Bd5 31. Kd2
Kc7 32. Bxb6+ Kc6 33. h4 Ra8 34. Rb2 h5 35. Be3 b5 36. Kc3 Ra3+ 37. Kd2 Bc4
38. Kc1 Kd5 39. Rd2+ Ke6 40. Rd8 Ra2 41. Kb1 Re2 42. Kc1 Kf5 43. Rd2 Re1+
44. Rd1 Rxd1+ 45. Kxd1 g5 46. Bd4 b4 47. Kd2 b3 48. Ke3 Bf7 49. Bc3 Ke6 50.
Bb2 1/2-1/2

[Event "Zagreb Open GpA"]
[Site "Zagreb CRO"]
[Date "2010.02.28"]
[Round "4"]
[White "Ulibin,M"]
[Black "Palac,M"]
[Result "1-0"]
[WhiteElo "2548"]
[BlackElo "2563"]
[EventDate "2010.02.25"]

1. d4 Nf6 2. c4 e6 3. Nc3 Bb4 4. f3 O-O 5. a3 Bxc3+ 6. bxc3 Ne8 7. e4 b6 8.
Bd3 Ba6 9. Nh3 Nc6 10. e5 Na5 11. Ng5 f5 12. f4 h6 13. Qh5 hxg5 14. fxg5 g6
15. Qxg6+ Ng7 16. Qh6 Qe7 17. g6 Ne8 18. O-O Qg7 19. Qg5 Nf6 20. Rf3 Bxc4
21. Bf4 Nd5 22. Bxc4 Nxc4 23. Rh3 Nxf4 24. Qxf4 d6 25. Qg5 dxe5 26. Rh7 Qf6
27. Qh5 Rae8 28. g7 Qxg7 29. Rxg7+ Kxg7 30. Qe2 b5 31. dxe5 Rd8 32. a4 a6
33. axb5 axb5 34. Ra7 Rf7 35. Qh5 Rg8 36. Ra6 Re8 37. Qg5+ Kh7 38. Qh5+ Kg7
39. Qg5+ Kh7 40. Qf4 Rg7 41. Qh4+ Kg8 42. Qh5 Kf8 43. Rc6 Ree7 44. Qh6 Nxe5
45. Rxe6 Nf3+ 46. Kh1 Rxe6 47. Qxe6 Ng5 48. Qxf5+ Rf7 49. Qxb5 Ne6 50. g3
Rf2 51. Qd7 Re2 52. h4 Re5 53. Kg2 Kg8 54. h5 c5 55. Qe8+ 1-0

[Event "Zagreb Open GpA"]
[Site "Zagreb CRO"]
[Date "2010.02.28"]
[Round "4"]
[White "Stanojoski,Z"]
[Black "Chatalbashev,B"]
[Result "1/2-1/2"]
[WhiteElo "2499"]
[BlackElo "2561"]
[EventDate "2010.02.25"]

1. e4 g6 2. d4 Bg7 3. Nc3 d6 4. f4 Nf6 5. Nf3 O-O 6. Bd3 Na6 7. O-O c5 8.
d5 Bg4 9. Bc4 Nc7 10. h3 Bxf3 11. Qxf3 a6 12. a4 b6 13. Qd3 e6 14. dxe6
fxe6 15. Rd1 d5 16. exd5 Nfxd5 17. Nxd5 exd5 18. Bxd5+ Nxd5 19. Qxd5+ Qxd5
20. Rxd5 Rfd8 21. Rxd8+ Rxd8 22. Be3 Bxb2 23. Rb1 Bd4 24. Kf2 Rd6 25. Kf3
Bxe3 26. Kxe3 Kf7 27. c4 h5 28. g4 hxg4 29. hxg4 a5 30. Rb3 Rd4 31. Rxb6
Rxc4 32. Rb7+ Ke6 33. Rb6+ Kf7 34. Rb7+ Ke6 35. Rb6+ Kf7 1/2-1/2

[Event "Zagreb Open GpA"]
[Site "Zagreb CRO"]
[Date "2010.02.28"]
[Round "4"]
[White "Saric,A"]
[Black "Kozul,Z"]
[Result "0-1"]
[WhiteElo "2480"]
[BlackElo "2617"]
[EventDate "2010.02.25"]

1. d4 Nf6 2. c4 g6 3. Nc3 Bg7 4. e4 d6 5. f3 O-O 6. Be3 c6 7. Qd2 Nbd7 8.
Nge2 a6 9. c5 b5 10. cxb6 Nxb6 11. Ng3 a5 12. Bd3 Ba6 13. O-O Bxd3 14. Qxd3
e6 15. Rac1 d5 16. b3 Qb8 17. Qd2 a4 18. Nxa4 Nxa4 19. bxa4 Ra6 20. Rc3 Qa8
21. Rfc1 dxe4 22. fxe4 Ng4 23. e5 Rxa4 24. Rxc6 Rxa2 25. R6c2 Rxc2 26. Rxc2
Qa4 27. Bg5 h6 28. Be7 Rb8 29. Rc1 h5 30. Bg5 Qa7 31. Kh1 Qa3 32. Rf1 Rb7
33. Qf4 Qd3 34. h3 h4 35. Ne4 Ne3 36. Rf3 Qd1+ 37. Kh2 Nf5 38. Bxh4 Rb1 0-1

[Event "Zagreb Open GpA"]
[Site "Zagreb CRO"]
[Date "2010.02.28"]
[Round "4"]
[White "Kovacevic,Bl"]
[Black "Gleizerov,E"]
[Result "1-0"]
[WhiteElo "2447"]
[BlackElo "2565"]
[EventDate "2010.02.25"]

1. Nf3 e6 2. c4 f5 3. g3 Nf6 4. Bg2 Be7 5. O-O O-O 6. d4 d5 7. b3 b6 8. Ba3
Bb7 9. Qc2 Bxa3 10. Nxa3 Qe7 11. Nb1 Ne4 12. Nbd2 c5 13. dxc5 bxc5 14. Ne5
Qd6 15. Nxe4 fxe4 16. f4 exf3 17. Nxf3 h6 18. Nh4 Nd7 19. Rxf8+ Rxf8 20.
Ng6 Rf6 21. Rd1 Ne5 22. Nf4 Ng4 23. Qc1 Qe5 24. Bf3 Ne3 25. Rd3 Nf5 26.
cxd5 Nd4 27. Re3 Qg5 28. dxe6 Rxf4 29. e7 Rxf3 30. e8=Q+ Kh7 31. Qb1+ Rf5
32. Re5 Qg4 33. Rxf5 Nxf5 34. Qe5 Bc8 35. Qbe4 Qg5 36. g4 h5 37. Q5f4 Qg6
38. h3 hxg4 39. hxg4 1-0

[Event "Zagreb Open GpA"]
[Site "Zagreb CRO"]
[Date "2010.02.28"]
[Round "4"]
[White "Mrdja,M"]
[Black "Saric,Ib"]
[Result "0-1"]
[WhiteElo "2392"]
[BlackElo "2556"]
[EventDate "2010.02.25"]

1. e4 e5 2. Nf3 Nc6 3. Bb5 a6 4. Ba4 Nf6 5. O-O Be7 6. Re1 b5 7. Bb3 O-O 8.
a4 b4 9. d3 d6 10. a5 Rb8 11. Bc4 Be6 12. Nbd2 Bxc4 13. Nxc4 Rb5 14. c3 Re8
15. Bd2 Bf8 16. cxb4 Nxb4 17. Bc3 c5 18. Bxb4 Rxb4 19. Ra4 Rb5 20. Qc2 Nd7
21. Rb1 Nb8 22. b4 d5 23. exd5 cxb4 24. Ncxe5 Qxd5 25. d4 f6 26. Nd3 Nc6
27. h3 Nxd4 28. Nxd4 Qxd4 29. Nxb4 Qe4 0-1

[Event "Zagreb Open GpA"]
[Site "Zagreb CRO"]
[Date "2010.02.28"]
[Round "4"]
[White "Franic,M"]
[Black "Drasko,M"]
[Result "1/2-1/2"]
[WhiteElo "2392"]
[BlackElo "2537"]
[EventDate "2010.02.25"]

1. d4 e6 2. c4 Nf6 3. Nc3 Bb4 4. e3 O-O 5. Nge2 d5 6. a3 Be7 7. cxd5 exd5
8. g3 Nbd7 9. Bg2 Nb6 10. O-O a5 1/2-1/2

[Event "Zagreb Open GpA"]
[Site "Zagreb CRO"]
[Date "2010.02.28"]
[Round "4"]
[White "Blagojevic,Dr"]
[Black "Bukal,V jr"]
[Result "1-0"]
[WhiteElo "2528"]
[BlackElo "2378"]
[EventDate "2010.02.25"]

1. d4 d5 2. c4 e5 3. dxe5 d4 4. Nf3 Nc6 5. Nbd2 Nge7 6. g3 Ng6 7. Bg2 Ngxe5
8. O-O Be7 9. b3 h5 10. Bb2 h4 11. Nxe5 Nxe5 12. Nf3 Nxf3+ 13. Bxf3 hxg3
14. fxg3 c5 15. e3 Bh3 16. Re1 Qc7 17. exd4 O-O-O 18. Qe2 Bd6 19. d5 f6 20.
Bg4+ Kb8 21. Bxh3 Rxh3 22. Qg4 Rh6 23. Re2 a6 24. Rae1 Qf7 25. Bc3 Rg6 26.
Qf3 Ka7 27. Bd2 Qc7 28. Qf5 1-0

[Event "Zagreb Open GpA"]
[Site "Zagreb CRO"]
[Date "2010.02.28"]
[Round "4"]
[White "Brumen,D"]
[Black "Fercec,N"]
[Result "1/2-1/2"]
[WhiteElo "2358"]
[BlackElo "2492"]
[EventDate "2010.02.25"]

1. d4 Nf6 2. c4 g6 3. Nc3 d5 4. cxd5 Nxd5 5. e4 Nxc3 6. bxc3 Bg7 7. Nf3 c5
8. Rb1 O-O 9. Be2 b6 10. O-O Bb7 11. Qd3 Qc7 12. d5 1/2-1/2

[Event "Zagreb Open GpA"]
[Site "Zagreb CRO"]
[Date "2010.02.28"]
[Round "4"]
[White "Armanda,I"]
[Black "Zufic,M"]
[Result "0-1"]
[WhiteElo "2345"]
[BlackElo "2450"]
[EventDate "2010.02.25"]

1. e4 c5 2. Nf3 d6 3. d4 cxd4 4. Nxd4 Nf6 5. Nc3 a6 6. Bc4 e6 7. Bb3 b5 8.
Bg5 Be7 9. f4 b4 10. Na4 O-O 11. f5 Nxe4 12. Bxe7 Qxe7 13. O-O e5 14. Bd5
Nf6 15. Bxa8 Qa7 16. Bf3 exd4 17. Qd3 Bd7 18. Qb3 a5 19. a3 Na6 20. axb4
Nxb4 21. Kh1 Bxf5 22. c3 Nc2 23. Rac1 Rb8 24. Qa2 d3 25. b3 Ne3 26. Rf2 Ne4
27. Bxe4 Bxe4 28. Qd2 f5 29. Nb2 Ng4 30. Rf4 Qe3 31. Nc4 Qh3 32. Rxg4 Qxg4
33. Nxd6 Bc6 34. b4 axb4 35. cxb4 Bd5 36. b5 h6 37. Rf1 f4 38. Rxf4 Ra8 39.
Rf1 Ra2 40. Qxa2 Bxa2 0-1

[Event "Zagreb Open GpA"]
[Site "Zagreb CRO"]
[Date "2010.02.28"]
[Round "4"]
[White "Ivekovic,Z"]
[Black "Rogulj,B"]
[Result "0-1"]
[WhiteElo "2283"]
[BlackElo "2431"]
[EventDate "2010.02.25"]

1. e4 Nf6 2. Nc3 e5 3. Nf3 Nc6 4. d4 exd4 5. Nxd4 Bb4 6. Nxc6 bxc6 7. Bd3
O-O 8. O-O d5 9. e5 Ng4 10. Bf4 Re8 11. Re1 Bc5 12. Re2 Rb8 13. Qd2 f6 14.
exf6 Rxe2 15. f7+ Kf8 16. Qxe2 Nxf2 17. Be3 Bxe3 18. Qxe3 Ng4 19. Qxa7 Qd6
20. g3 Rxb2 21. Rf1 Qb4 22. Qxc7 Qb6+ 23. Qxb6 Rxb6 24. Na4 Rb8 25. Nc5 Nf6
26. a4 Kxf7 27. Re1 Ra8 28. Rb1 Ke7 29. Rb6 Kd6 30. Nb3 Nd7 31. Rb4 c5 32.
Rf4 c4 33. Bxc4 dxc4 34. Rxc4 Bb7 35. Rd4+ Ke7 36. a5 Ne5 37. Rb4 Bd5 38.
Rb5 Kd6 39. Rb6+ Nc6 40. a6 g5 41. Rb7 Be4 42. Rb6 Bxc2 43. Rxc6+ Kxc6 44.
Nd4+ Kd6 45. Nxc2 Rxa6 46. Ne3 Ra2 47. Ng4 Ke6 48. Nf2 Kd5 49. Kg2 Kd4 50.
Kf3 h5 51. h3 Ra3+ 52. Kg2 Ke3 53. g4 Ra2 54. gxh5 Rxf2+ 55. Kg3 Rf4 0-1